[Event "New York op"]
[Site "New York"]
[Date "1998.03.16"]
[Round "2"]
[White "Lein, Anatoly"]
[Black "Filippov, Valerij"]
[Result "0-1"]
[WhiteElo "2465"]
[BlackElo "2595"]
[Annotator "Tsesarsky,I"]
[PlyCount "134"]
[EventDate "1998.03.16"]
[EventType "swiss"]
[EventRounds "9"]
[EventCountry "USA"]
[SourceTitle "CBM 064"]
[Source "ChessBase"]
[SourceDate "1998.06.02"]
[SourceVersion "1"]
[SourceVersionDate "1998.06.02"]
[SourceQuality "1"]

1. d4 d5 2. c4 e6 3. Nf3 Nf6 4. Nc3 c6 5. e3 Nbd7 6. Qc2 Bd6 7. Bd2 O-O 8. Rd1
(8. g4 Nxg4 9. Rg1 f5 (9... Nxh2 10. Nxh2 (10. Ng5 Nf6 $17) 10... Bxh2 11. Rh1
Qh4 12. Bd3 Nf6 13. e4 dxc4 14. Bxc4 Rd8 15. Be3 Ng4 $19) 10. h3 Ngf6 11. Ng5
Qe7 12. cxd5 exd5 13. Qxf5 h6 14. Qe6+ Qxe6 15. Nxe6 Rf7 16. Rc1 Re7 17. Nc5
Bxc5 18. dxc5 Ne5 19. Be2 Bxh3 $17 {0-1 Malaniuk,V-Anand,V/Moscow PCA 1994 (49)
}) (8. Bd3 dxc4 (8... Qe7 9. O-O e5 $5 10. cxd5 cxd5 11. e4 exd4 12. Nxd5 Nxd5
13. exd5 Ne5 14. Nxe5 Qxe5 15. Bxh7+ Kh8 16. f4 Qxd5 17. Be4 Qh5 18. Qd3 Bg4
19. Rae1 Rae8 20. h3 Bc8 $10 {Georgiev,K-Khalifman,A/Pardubice 1994/1-0 (48)})
9. Bxc4 e5 10. O-O exd4 11. exd4 Nb6 12. Bd3 Re8 13. Rae1 Rxe1 14. Rxe1 h6 {
= Sokolov,I-Beliavsky,A/Linares 1995 (24)}) 8... Qe7 9. Be2 (9. a3 a6 (9...
dxc4 10. Bxc4 e5 11. Ba2 exd4 12. Nxd4 Nc5 13. Nf5 Bxf5 14. Qxf5 Qe5 15. Qxe5
Bxe5 16. Ke2 Rad8 $11 {1-0 Pribyl,J-Shiber,J/Ceske Budejovice op 1994 (42)})
10. Be2 dxc4 11. Bxc4 e5 12. Ba2 g6 13. Ne4 Nxe4 14. Qxe4 exd4 15. Qxd4 c5 16.
Qd5 Ne5 17. Bc3 Nxf3+ 18. Qxf3 Be5 $11 {1/2-1/2 Lechtynsky,J-Iskov,G/
Copenhagen PC 1983 (33)}) 9... dxc4 10. Bxc4 e5 11. Bc1 $2 (11. O-O e4 12. Ng5
Nb6 13. Bb3 Bg4 14. Rc1 Rae8 15. Ncxe4 Nxe4 16. Nxe4 Qxe4 17. Qxe4 Rxe4 18. f3
$14) 11... e4 $15 12. Nd2 (12. Ng5 Nb6 13. Bb3 Bg4 14. Rd2 Nfd5 $1 15. Ncxe4 (
15. Ngxe4 Bf5 $19) 15... Bf5 16. g4 Bg6 17. h4 Rae8 $19) 12... Nb6 13. Be2 (13.
O-O $2 Bxh2+ $1 $19) (13. Bb3 Bg4 $17) (13. h3 Nxc4 14. Nxc4 Bc7 $15) 13... Bf5
14. h3 (14. O-O Nbd5 (14... h5 15. b3 Rfe8 16. Nc4 Nxc4 17. bxc4 Bc7 18. c5 Bg4
19. Bxg4 Nxg4 20. h3 Qh4 21. Bb2 Rad8 (21... Re6 22. d5 cxd5 23. Nxd5 Bh2+ 24.
Kh1 $132) 22. d5 $132) (14... Rad8 15. b3 (15. Nc4 $2 Nxc4 16. Bxc4 Bxh2+ $1
17. Kxh2 Ng4+ 18. Kg1 Qh4 19. Rfe1 Qh2+ 20. Kf1 Qh1+ 21. Ke2 Qxg2 $19) 15...
Bb8 16. Rfe1 Nbd5 17. Nxd5 cxd5 $15) 15. Nc4 Bc7 16. b3 Nb4 17. Qb2 Rad8 18.
Qa3 b5 19. Ne5 a6 $132) 14... Nbd5 15. g4 $6 (15. O-O $15) 15... Bg6 (15... Nb4
16. Qb1 Bg6 17. h4 h6 18. g5 hxg5 19. hxg5 Nh7 20. a3 Nd3+ 21. Bxd3 exd3 22. e4
$8 Nxg5 23. Qxd3 Rad8 $15) 16. g5 $6 $17 (16. Qb3 Rfd8 $15) 16... Nh5 (16...
Nb4 17. Qb3 Ne8 18. h4 Nd3+ 19. Bxd3 exd3 20. h5 Bf5 21. Rg1 Bh2 22. Rg2 Bf4
23. Nf3 Rd8 $17) 17. Nxd5 cxd5 18. Rg1 $6 (18. h4 f6 19. Qb3 Qf7 20. gxf6 Rac8
(20... Nxf6 21. Nc4 $1) 21. Nb1 Nxf6 22. Nc3 a6 23. h5 Bf5 $17) (18. Qb3 Qxg5
19. Qxb7 Qg2 20. Rf1 Nf6 21. Qa6 Rfd8 22. b3 Qxh3 $19) 18... Qe6 (18... Rfd8
$17) 19. Qb3 Qxh3 20. Nb1 (20. Qxd5 Rad8 (20... Qh2 21. Rg4 Rad8 22. Qxb7 Bf5
23. Nf1 Qh1 24. Qb5 Bd7 25. Qa6 Bxg4 26. Bxg4 Be7 $17) 21. Qxb7 Ng3 $1 22. Bc4
(22. fxg3 Bxg3+ 23. Rxg3 Qxg3+ 24. Kf1 Bf5 $19) 22... Qh2 (22... Bh5 23. Nxe4
Nxe4 24. Qxe4 Bf3 25. Qd3 Bxd1 26. Qxd1 $44) 23. Rf1 (23. Rxg3 Bxg3 24. fxg3
Qxg3+ $19) 23... Bh5 $1 $19) 20... Qh2 $5 (20... Bh2 $1 21. Rf1 (21. Bf1 Qf5
22. Rg2 Bc7 23. Qxb7 Ba5+ 24. Bd2 (24. Nc3 Rfb8 25. Qc6 Rc8 $19) 24... Rab8 25.
Qa6 Bd8 26. Bc3 Bxg5 27. Na3 $17) 21... Qf5 22. Nc3 Rfd8 23. Rh1 Qxg5 $19) 21.
Rf1 Bf5 $2 (21... Rfd8 $17) 22. Kd2 $1 Nf4 $5 (22... g6 23. Qxd5 b6 24. Rh1
Bb4+ 25. Nc3 Qxf2 26. Rdf1 Qg2 27. Rfg1 Bxc3+ 28. bxc3 Qf2 (28... Nf4 $2 29.
Rxg2 Nxd5 30. Rgh2 $16) 29. Rf1 Qg2 30. Rfg1 $11) (22... Qh4 23. Qxd5 (23. Nc3
Rfd8) 23... Bb4+ 24. Nc3 Bg6 25. Qxb7 Bxc3+ 26. bxc3 Qxg5 27. Rh1 $132) (22...
Rfd8 23. Rh1 Qxf2 24. Rdf1 Qg2 25. Rhg1 $11) 23. Nc3 $4 (23. exf4 $8 Bxf4+ $1 (
23... e3+ $2 24. fxe3 $1 (24. Ke1 $2 exf2+ 25. Rxf2 Qh1+ 26. Kd2 (26. Rf1 Qh4+
27. Rf2 Bxb1 28. Qxd5 Rfd8 $19) 26... Qh4 27. Ke1 Bxb1 28. Qxd5 Rfd8 $19) 24...
Bxb1 25. Rh1 Qg2 26. Rdg1 Qe4 27. Bd3 (27. Bg4 a5 28. a3 Bxf4 29. exf4 Rfe8 $19
) 27... Bxd3 (27... Bb4+ 28. Ke2 Bxd3+ 29. Qxd3) 28. Qxd3 Bb4+ 29. Ke2 Rac8 30.
Qxe4 dxe4 31. Kd1 Rc6 32. Bd2 Be7 $11) 24. Ke1 Bxc1 25. Rxc1 Bh3 26. Qg3 (26.
Qxd5 Bxf1 27. Bxf1 e3 28. fxe3 Qxb2 $17) 26... Qxg3 27. fxg3 Bxf1 28. Kxf1 Rac8
29. Nc3 Rfd8 $15) 23... Nxe2 $19 24. Nxe2 Bg4 25. Qxd5 (25. Qxb7 Rab8 26. Qxd5
Bb4+ 27. Nc3 Bxd1 $19) 25... Bb4+ 26. Nc3 Bxd1 27. Kxd1 Qg2 28. Ke1 Rfd8 (28...
b6 $19) 29. Qb5 Bxc3+ 30. bxc3 a6 (30... Rac8) 31. Qxb7 Rab8 32. Qxa6 Qxg5 (
32... Rb1 33. Kd2 Qxg5 34. Kc2 Rbb8 $19) 33. Qa4 h5 34. Kd2 Qg2 (34... Rbc8)
35. Qd1 Rb1 36. Kc2 Rdb8 37. c4 h4 (37... Ra1 38. c5 Rbb1 39. d5 Rxc1+ 40. Qxc1
Rxc1+ 41. Rxc1 Qxf2+ 42. Kb3 Qxe3+ 43. Rc3 Qd4 44. c6 Qxd5+ $19) 38. d5 Ra1 39.
a3 h3 40. d6 Ra2+ 41. Kc3 Qg5 (41... h2 42. d7 Qg5 43. Qd6 Qa5+ 44. Kd4 Rd8 $19
) 42. Qd5 Qxd5 43. cxd5 h2 44. Rh1 Rxf2 45. a4 g5 46. Ba3 g4 47. d7 Rd8 48. Bd6
Rxd7 49. Bxh2 Rxd5 50. Bf4 Rd3+ 51. Kb4 Rb2+ 52. Kc5 Rc2+ 53. Kb4 f6 54. Ra1 g3
55. Bxg3 Rxe3 56. Be1 Kf7 57. a5 f5 58. a6 Rxe1 59. Rxe1 Ra2 60. Kb5 Kf6 61.
Kb6 Ke5 62. a7 f4 63. Rb1 Rxa7 64. Kxa7 f3 65. Rb5+ Kf4 66. Rb8 e3 67. Rf8+ Kg3
0-1

[Event "Veterans-Women"]
[Site "Copenhagen"]
[Date "1997.??.??"]
[Round "9"]
[White "Portisch, Lajos"]
[Black "Ioseliani, Nana"]
[Result "1/2-1/2"]
[WhiteElo "2610"]
[BlackElo "2520"]
[Annotator "Tsesarsky,I"]
[PlyCount "89"]
[EventDate "1997.07.23"]
[EventType "schev"]
[EventRounds "10"]
[EventCountry "DEN"]
[SourceTitle "CBM 061"]
[Source "ChessBase"]
[SourceDate "1997.11.23"]
[SourceVersion "1"]
[SourceVersionDate "1997.11.23"]
[SourceQuality "1"]

1. d4 d5 2. c4 c6 3. Nf3 e6 4. e3 Nf6 5. Be2 Nbd7 6. Nbd2 (6. O-O b6 7. Bd2 Bb7
8. cxd5 exd5 9. Qa4 a5 10. Nc3 Bd6 11. Bd3 O-O 12. Rfe1 Re8 13. Qc2 g6 14. Rad1
Qc7 15. h3 $132 {1-0 Agdestein,S-Ljubojevic,L/Tilburg 1989 (51)}) (6. Qc2 b5 (
6... dxc4 7. Bxc4 a6 8. O-O c5 9. Rd1 b5 10. Be2 Bb7 11. a4 Be4 12. Bd3 Bxf3
13. gxf3 cxd4 14. axb5 Rc8 15. Qe2 a5 16. Bd2 $14 {0-1 Ostrowski,L-Sherbakov,R/
Katowice op 1992 (28)}) 7. c5 a5 8. O-O Be7 9. Nbd2 Qc7 10. e4 O-O 11. e5 Nh5
12. Re1 f6 13. exf6 gxf6 14. h3 $14 {(39) 1-0 Berezovsky,I-Zorman,V/Genève
Maîtres 1995}) 6... Bd6 7. O-O O-O 8. b3 b6 9. Bb2 Bb7 10. Qc2 (10. a4 a5 11.
Ne5 Qe7 (11... Qc7 $5) 12. Bf3 c5 (12... Rad8 $5) 13. Nxd7 Nxd7 (13... Qxd7 14.
dxc5 bxc5 15. Bxf6 gxf6 16. cxd5 exd5 17. e4 $14) 14. cxd5 exd5 (14... Bxd5 $2
15. e4 $1 Bb7 16. e5 Bxf3 17. exd6 $18) 15. Nc4 $1 dxc4 (15... Bc7 16. dxc5
Nxc5 17. Na3 (17. Bxd5 Bxd5 18. Qxd5 Rfd8 19. Qc6 Rac8 20. Qb5 Rd3 21. Ra3 $14)
17... Rac8 18. Nb5 Be5 19. Bxe5 Qxe5 20. Qd4 $14) 16. Bxb7 Rab8 17. Bf3 b5 (
17... cxb3 18. Qxb3 Bc7 19. Rfd1 $14) 18. dxc5 $2 (18. axb5 $1 Rxb5 (18... cxb3
19. Qxb3 $16) 19. dxc5 Nxc5 20. Qd4 Ne6 21. Qxc4 $16) 18... Nxc5 19. bxc4 bxc4
20. Bc3 Nd3 21. Rb1 Bb4 $11 {Lobron,E-Soffer,R/Bern zt 1990/CBM 17/1/2-1/2 (36)
}) 10... Qe7 11. Ne5 Rac8 12. e4 dxe4 13. Nxe4 Nxe4 14. Qxe4 Nf6 15. Qe3 $11 c5
$5 (15... Rfd8 16. Rad1 c5 17. f4 $14) 16. Bf3 (16. Rad1) 16... Rfd8 17. Rad1
cxd4 18. Bxd4 Bxf3 19. Qxf3 Qc7 20. Rfe1 (20. Qe3 Nd7 $11) 20... Bb4 (20... a6
21. h3 b5 22. Qe3 Bb4 23. Bb6 Rxd1 24. Rxd1 Qb7 25. Bd4 Rd8 26. Rd3 bxc4 27.
Nxc4 Be7 $11 (27... Qe4 28. Bxf6 Qxd3 29. Qg5 $18)) 21. Re3 Bc5 22. Bxc5 Qxc5
23. Red3 (23. Rxd8+ Rxd8 24. Rd3 Rxd3 25. Nxd3 Qc8 26. b4 Nd7 27. Qd1 h6 (27...
Qxc4 28. Ne5 $1 $16) 28. c5 Kf8 29. Qc2 bxc5 30. bxc5 Qc6 31. a4 a5 32. Qc4 Ke7
33. f3 $14 (33. Qb5 Qxb5 34. axb5 a4 35. c6 a3 36. Nb4 Nb6 $17)) 23... Rxd3 24.
Qxd3 h6 25. Qd4 (25. Qd6) 25... Qa3 26. Qd2 Qc5 27. Qd6 $14 Qxd6 (27... a6 28.
Qxc5 Rxc5 (28... bxc5 29. Rd6 a5 30. f3 $16 (30. Nc6 Kh7)) 29. Rd8+ Kh7 30.
Nxf7 $16) 28. Rxd6 Kf8 29. Kf1 (29. f4 g5 $1 $132 (29... Ke7 30. Rc6 $14)) (29.
f3 Ke7 30. Rd4 Rc7 31. Kf2 Nd7 32. Nxd7 Rxd7 33. Rxd7+ Kxd7 34. Ke3 Kd6 35. b4
$14) 29... Ke7 30. Rd4 a5 31. Ke2 Rc7 32. f4 (32. a3 Nd7 33. Nxd7 Rxd7 34.
Rxd7+ Kxd7 35. Ke3 Kd6 36. b4 $14) 32... Ne8 33. c5 (33. h4 $6 h5 34. g3 Nd6
35. a3 b5 36. Kd2 g6 37. cxb5 Nxb5 38. Rc4 Rb7 39. Nc6+ Kf6 40. Ra4 Rd7+ 41.
Ke3 Rc7 42. Nxa5 Rc3+ 43. Kf2 Nd6 $15) (33. Ke3 Nd6 34. g4 g5 35. Rd3 gxf4+ 36.
Kxf4 f6 $11) 33... bxc5 34. Ra4 f6 35. Nc4 Nd6 36. Nxd6 (36. Rxa5 Nxc4 37. bxc4
Kd6 38. Ra6+ Kd7 39. a4 Rb7 40. a5 Rb2+ 41. Kf3 Ra2 42. Ra7+ Kd6 43. a6 Ra3+
$11) 36... Kxd6 37. Rxa5 Rb7 38. Ke3 Rb4 39. Ra6+ Kd5 40. Ra7 g5 41. g3 gxf4+
42. gxf4 e5 43. fxe5 fxe5 44. Rd7+ Kc6 45. Rd2 1/2-1/2

[Event "EU-ch U20"]
[Site "Tallinn"]
[Date "1997.09.17"]
[Round "8"]
[White "Rowson, Jonathan"]
[Black "Tyomkin, Dimitri"]
[Result "1/2-1/2"]
[WhiteElo "2490"]
[BlackElo "2390"]
[Annotator "Tyomkin,D"]
[PlyCount "77"]
[EventDate "1997.09.10"]
[EventType "swiss"]
[EventRounds "11"]
[EventCountry "EST"]
[SourceTitle "CBM 059 Extra"]
[Source "ChessBase"]
[SourceDate "1997.09.26"]
[SourceVersion "1"]
[SourceVersionDate "1997.09.26"]
[SourceQuality "1"]

{It was the most dangerous game for me in the tournament,but I succesfully
saved lost posititon} 1. d4 d5 2. c4 c6 3. Nc3 Nf6 4. e3 e6 5. Nf3 Nbd7 6. Qc2
Bd6 (6... Bb4 $5 {were succesfully used by Kramnik against Gelfand in Berlin,
1996.I decided to choose the line were I have more experience}) 7. g4 Nxg4 8.
Rg1 f5 9. h3 Ngf6 10. Rxg7 Ne4 11. Bd2 Qf6 12. Rg2 Nf8 13. O-O-O Ng6 14. Kb1
$146 (14. Be2 {Tyomkin,D} Bd7 15. Rdg1 O-O-O 16. Be1 (16. cxd5 $142 $1 Nxc3 17.
Bxc3 exd5 18. Bd3 $16 {[%csl Rf5][%cal Gg2g5,Yh3h4] /\Rg5,Rh5,Rgg5,h4,Ne5,xf5}
f4 19. Bxg6 fxe3 20. Bh5 exf2 21. Qxf2 Qh6+ 22. Rg5 Bf4+ 23. Bd2 $16) 16... Kb8
17. Kb1 (17. c5 $2 Bc7 $17 {[%cal Ye6e5] now black is capturing the center by
e6-e5} 18. b4 e5 19. dxe5 Nxe5 20. Nd4 Ng6 $1 21. f3 Nxc3 22. Bxc3 Qe7 $17 {
Kobrin,M-Tyomkin,D/GRAND PRIX-final 1996/0-1(26)}) 17... Rhe8 (17... Ka8 18.
Ka1 Qe7 19. c5 $6 Bc7 20. h4 e5 21. h5 exd4 22. Nxd4 Ne5 23. Na4 {[%cal Gf2f3]
/\f2-f3} Ng4 24. Nxf5 Bxf5 25. Bxg4 Bxg4 26. Rxg4 Rhf8 $44 {Soffer,R-Wells,P/
Budapest FS JunGM 1994/0-1 (77)}) 18. Ng5 $2 Nh4 $1 {[%csl Gg2]} (18... Nxg5 $5
{was other interesting idea} 19. Rxg5 Bh2 20. R1g2 Nh4 21. f4 Nxg2 22. Rxg2
Bxf4 23. exf4 Qxd4) 19. Nxh7 Qh6 {[%csl Rh7] xNh7} 20. Rg7 Re7 21. Rg8 Rxg8 22.
Rxg8+ Re8 23. Rxe8+ Bxe8 24. f4 Qxh7 25. Bd1 {0-1 Bykhovsky,A-Tyomkin,D/
Gevataim 1996}) 14... Bd7 15. Ka1 a6 $2 {[%cal Gb7b5] I expected to capture
some space on the queenside by b7-b5 but understimated the next monouevre of
white} (15... O-O-O 16. cxd5 Nxc3 17. Bxc3 exd5 18. Bd3 Rhg8 {[%cal Rf5f4]})
16. Na4 $1 {[%cal Ga4b6]} b5 17. Nb6 Rb8 18. c5 Nxd2 (18... Bc7 19. Ba5 $18 {
[%cal Gb6d5]}) 19. Qxd2 Bc7 20. Be2 Bxb6 {I understood that my position is
almost lost and decided to take at least something} 21. cxb6 Rxb6 22. Qa5 (22.
Rdg1 Kd8 {the best defencive chance,but it doesn't help} 23. Qa5 Kc7 24. h4 $1
$18 Nxh4 $140 25. Ne5 $1 {[%cal Ra5b6,Yg2g7] and Rg7}) 22... Qd8 23. Ne5 Rb8 {
of cource the best chance is in the ending,even in the losing ending.And as
often I get it!} (23... Nxe5 $2 24. dxe5 c5 (24... Rb8 25. Bh5+ Kf8 26. Qb4+
Qe7 27. Qf4 {[%csl Rf8][%cal Gf4h6]}) 25. Bh5+ Kf8 26. Rdg1 {with decisive
attack}) 24. Qxd8+ Kxd8 $1 (24... Rxd8 25. Bh5 Rg8 26. Rdg1 Ke7 27. Bxg6 {
[%csl Rd7,Re5] There was nothing to look for in this ending.Black doesn't have
any counterchance}) 25. Nf7+ Ke7 26. Nxh8 Rxh8 27. h4 $2 (27. Bh5 $1 $18 {
[%cal Gh5g6,Yb2b4] changing bishop for a knight,white will open the a-file by
b4 and a4,stop the counterplay in the center byf4}) 27... Kf6 {[%csl Gg8][%cal
Gd7e8,Ge8f7,Yg6e7,Ye7c8,Yc8b6,Yc8d6] Now the plan of defense is :to move B
tof7defending g8-square and than knight come tod6 or b6} 28. h5 Ne7 29. b4 Be8
30. Kb2 Bf7 31. Ra1 Nc8 32. a4 Nd6 33. axb5 axb5 34. Ra7 {[%cal Ra7c7] /\Rc7}
Rc8 35. Rd7 Nc4+ 36. Bxc4 bxc4 37. h6 Bg6 38. Rb7 f4 $1 {[%cal Gf6f5,Gf5e4]
preparing to move the king to the center via f5} 39. Rg1 {Here my opponent
understood that the black is not worse already and offered a draw and I was
happy to save a half point} 1/2-1/2

[Event "Bundesliga 0607"]
[Site "Germany"]
[Date "2006.11.18"]
[Round "3.2"]
[White "Van Wely, Loek"]
[Black "Bacrot, Etienne"]
[Result "1-0"]
[WhiteElo "2676"]
[BlackElo "2705"]
[Annotator "Van Wely,L"]
[PlyCount "69"]
[EventDate "2006.10.28"]
[EventType "team-tourn"]
[EventRounds "15"]
[EventCountry "GER"]
[SourceTitle "EXT 2007"]
[Source "ChessBase"]
[SourceDate "2006.11.23"]
[SourceVersion "1"]
[SourceVersionDate "2006.11.23"]
[SourceQuality "1"]
[WhiteTeam "Porz"]
[BlackTeam "Baden-Baden"]
[WhiteTeamCountry "GER"]
[BlackTeamCountry "GER"]

1. d4 d5 2. c4 c6 3. Nc3 Nf6 4. e3 a6 5. Nf3 e6 ({Bacrot from time to time
tries also Von Zeit zu Zeit versucht Bacrot auch} 5... b5 {but after , doch
nach} 6. c5 {he was recently having some unpleasant experiences, e.g against
Radjabov in Cap d'Agde 2006. So this choice was to be expected. machte er in
letzter Zeit ein paar unangenehme Erfahrungen, z.B. gegen Radjabov in Cap
d'Agde 2006. Daher war seine Wahl zu erwarten.}) 6. b3 Bb4 7. Bd2 O-O 8. Bd3
Nbd7 9. O-O Bd6 10. e4 {The most aggressive approach. In fact I had been
hoping to apply this move against my good old buddy Ivan Sokolov in the Dutch
championships. But tricky Ivan smelt a rat and deviated with 3...dxc4 (but
shouldn't have fared well either). Die aggressivste Vorgehensweise.
Tatsächlich hatte ich gehofft, diesen Zug gegen meinen guten alten Kumpel Ivan
Sokolov bei den niederländischen Meisterschaften anzuwenden. Doch der
trickreiche Ivan roch den Braten und wich mit 3...dxc4 ab (was ihm allerdings
auch nicht gut bekommen sollte).} (10. Qc2 {would have been the slower and
positional approach and White might get an edge somewhere. But since my wife
told me just before the game that play was rather boring, I decided to go in
for some action! wäre die langsamere, positionelle Vorgehensweise gewesen,
wonach Weiß eventuell irgendwo ein Plus erzielt. Aber da meine Frau mir kurz
vor der Partie gesagt hatte, dass Spielen ziemlich langweilig ist, beschloss
ich, ein bisschen Leben in die Bude zu bringen!}) 10... dxc4 11. bxc4 e5 12. c5
Bc7 13. Na4 exd4 14. h3 Re8 15. Re1 h6 16. Rb1 Nf8 17. Rb4 $6 {Sometimes chess
is just about confidence and body language. So far I was playing all my moves
quickly, since I thought I was following my preparation. I must confess to you
that I wasn't! But fortunately I wasn't aware of this. After Bacrot's next
move I started to think, trying to remember (something which wasn't there
anyway) my analysis. I don't recall if my final conclusion during the game was:
memory failure or this move must have been missed in the analysis, I wasn't
too much bothered by either of them anyway. Manchmal geht es im Schach allein
um Zuversicht und Körpersprache. Bislang spielte ich alle meine Züge schnell,
weil ich glaubte, meiner Vorbereitung zu folgen. Ich muss Ihnen gestehen, dies
war nicht der Fall! Aber glücklicherweise wusste ich das nicht. Nach Bacrots
nächstem Zug begann ich zu überlegen und versuchte, mich an meine Analysen zu
erinnern (etwas, was sowieso nicht da war). Ich weiß nicht mehr, wie mein
Schlussfazit während der Partie lautete: Gedächtnislücke oder dieser Zug wurde
in der Analyse wohl übersehen; so oder so machte mir beides nicht allzu viel
aus.} (17. Qc2) (17. Qc1) 17... N6d7 $1 18. Qc2 Qf6 19. Nxd4 Ba5 20. Nf5 $1 {
I considered all of this a logical consequence of both White's and Black's
play. Ich hielt dies alles für eine logische Konsequenz des weißen und
schwarzen Spiels.} Bxb4 $6 {There was no need to relieve the tension so early
and make White's life much more simple. Although I understand the rook on b4
looked very tasty, if Bacrot knew how his own rooks would end up, he would
have looked with different eyes at the rook on b4... Es war nicht nötig, die
Spannung so früh aufzuheben und das Leben von Weiß so viel einfacher zu machen.
Ich verstehe zwar, dass der Turm auf b4 sehr lecker aussah, doch wenn Bacrot
gewusst hätte, wie seine eigenen Türme enden würden, hätte er den Gesellen auf
b4 mit anderen Augen betrachtet...} (20... Ne5 $1 21. Nd6 (21. Rbb1 Nxd3 22.
Qxd3 Bxd2 23. Qxd2 Bxf5 24. exf5 Qxf5 25. Rxb7 Rad8 $36) (21. Rb3 $2 Bxd2 22.
Qxd2 Bxf5 23. exf5 Nf3+ $1 24. gxf3 Qg5+ $1 25. Qxg5 Rxe1+ $19) 21... Bxh3 $1 {
Keeping the fire going. Schürt weiter das Feuer.} 22. gxh3 (22. Re3 Bxg2 $1 (
22... Bxb4 23. Bxb4 Be6 24. Nb6 $44) 23. Nxe8 Rxe8 24. Kxg2 Ne6 $40 (24... Nfg6
)) (22. Nxe8 Qg6 23. g3 Nf3+ 24. Kh1 Qh5 $19) (22. Bf1 Nf3+ 23. gxf3 Qg6+ 24.
Kh2 Bxf1 25. Rxf1 Bxb4 26. Bxb4 Qh5+ 27. Kg1 (27. Kg2 Ng6) 27... Ne6 28. Rd1
Nf4 $19) 22... Nf3+ 23. Kf1 (23. Kg2 Bxb4 24. Bxb4 Ne6 25. Nf5 $13 (25. Bc3
Nh4+ 26. Kf1 Qf3 $40) (25. Nxe8 Qg5+ 26. Kh1 (26. Kxf3 Nd4#) 26... Nf4 $19))
23... Bxb4 (23... b5 $5 24. Nxe8 Rxe8 25. Nb6 (25. Re3 Nxd2+ 26. Qxd2 Bxb4 27.
Qxb4 bxa4 28. Qxa4 Ng6 $36) 25... Bxb4 26. Bxb4 Qh4 27. Re3 Qxh3+ 28. Ke2 Nd4+
29. Kd2 Nxc2 30. Rxh3 Nxb4 $19) (23... Re5 24. Be2 $13) 24. Bxb4 Qh4 25. Re3
Qxh3+ 26. Ke2 Nd4+ (26... Ne6 27. Kd1 Ned4 28. Qc4 $13) 27. Kd2 Nxc2 28. Rxh3
Nxb4 29. Bc4 Ne6 30. Rb3 (30. Nxe8 Rxe8 31. Bxe6 Rxe6 32. a3 Na2 $19) (30. a3
Ng5 31. axb4 Rad8 (31... Nxh3 32. Bxf7+ Kf8)) (30. Nb6 Rad8 31. Kc3 a5) 30...
a5 31. a3 $44) 21. Bxb4 Ne5 22. Nd6 Rd8 $2 {Now White's strategy is going to
prevail. This wasn't the time to stay materialistic, the fight for the
initiative was called for, therefore the only way out for Black was Nun wird
die weiße Strategie triumphieren. Dies war nicht der Zeitpunkt,
materialistisch zu sein; der Kampf um die Initiative war erforderlich, daher
bestand der einzige Ausweg für Schwarz in} (22... Bxh3 $8) 23. Nb6 Rb8 24. Re3
Be6 25. Bc3 {White has clearly taken over, all his pieces are very actively
placed. Black's passive rooks and his pawn structure on the queenside 
(a6-b7-c6, leaving nice holes for White's knights!) are by far not compensated
for by Black's small material plus. Weiß hat klar das Heft in die Hand
genommen, alle seine Figuren stehen sehr aktiv. Die passiven Türme von Schwarz
und seine Bauernstruktur am Damenflügel (a6-b7-c6, mit schönen Löchern für die
weißen Springer!) werden durch das geringe Materialplus bei weitem nicht
kompensiert.} Nfg6 26. Bf1 {No need to get involved in some tactical scrimmage
such as: Keine Notwendigkeit, sich auf irgendwelche taktischen Scharmützel
einzulassen wie} (26. g3 Bxh3 27. f4 (27. Nf5 Qg5 28. Bxe5 Nxe5 29. f4 Qf6 30.
fxe5 Qxe5) 27... Rxd6 28. cxd6 Qxd6 29. fxe5 Qc5 30. Nc4 b5) 26... Qg5 27. Rg3
Qh5 (27... Qf4 28. Bd2 Qh4 29. Qc3) (27... Qh4 28. Nf5 Qf4 29. Re3 {will both
be bad news for Black in the end as f4 can't be stopped. nimmt jeweils ein
schlimmes Ende für Schwarz, da f4 nicht verhindert werden kann.}) 28. Be2 Qh4
29. Nf5 Qf6 30. Nc4 Bxc4 31. Bxc4 Re8 32. Qc1 b5 33. Bb3 b4 34. Bb2 Qd8 35.
Bxe5 1-0